[Event "VIE-chT"]
[Site "Hanoi"]
[Date "2023.04.23"]
[Round "9"]
[White "Pham, Hai An"]
[Black "Cao, Minh Tung"]
[Result "0-1"]
[WhiteElo "1978"]
[BlackElo "1931"]
[PlyCount "44"]
[EventDate "2023.04.18"]
[EventType "swiss"]
[EventRounds "9"]
[EventCountry "VIE"]
[SourceTitle "EXT 2024"]
[Source "ChessBase"]
[SourceDate "2023.10.10"]
[SourceVersion "1"]
[SourceVersionDate "2023.10.10"]
[SourceQuality "1"]

1. e4 c5 2. Nf3 e6 3. c3 d5 4. d3 Nc6 5. Be2 Bd6 6. 0-0 Nf6 7. Qc2 0-0 8. Bg5 h6 9. Bxf6 Qxf6 10. h3 b6 11. Nbd2 Bb7 12. Nh2 Bxh2+ 13. Kxh2 Rfd8 14. Nf3 dxe4 15. dxe4 Ne5 16. Nd2 Qf4+ 17. Kh1 Rxd2 18. Qa4 Rxe2 19. Qb3 Nf3 20. gxf3 Qxf3+ 21. Kh2 Bxe4 22. Qc4 Qg2# 0-1

[Event "VIE-chT"]
[Site "Hanoi"]
[Date "2023.04.21"]
[Round "6"]
[White "Pham, Hai An"]
[Black "Ho, Quoc Duy"]
[Result "1-0"]
[WhiteElo "1978"]
[BlackElo "1968"]
[PlyCount "99"]
[EventDate "2023.04.18"]
[EventType "swiss"]
[EventRounds "9"]
[EventCountry "VIE"]
[SourceTitle "EXT 2024"]
[Source "ChessBase"]
[SourceDate "2023.10.10"]
[SourceVersion "1"]
[SourceVersionDate "2023.10.10"]
[SourceQuality "1"]

1. e4 c5 2. Nf3 e6 3. Nc3 a6 4. a4 Qc7 5. Be2 b6 6. 0-0 Bb7 7. d3 d6 8. Bf4 Nd7 9. h3 Ngf6 10. Nd2 e5 11. Bg3 Be7 12. f4 0-0 13. f5 Rfe8 14. Qe1 h6 15. Bh2 Rac8 16. Qg3 d5 17. Bf3 d4 18. Ne2 Rcd8 19. Qf2 a5 20. Bg3 Bd6 21. Nc4 Bc6 22. Nxd6 Qxd6 23. b3 Qc7 24. Bh4 Qb7 25. Bxf6 Nxf6 26. Ng3 Qe7 27. Be2 Bb7 28. Nh5 Nxh5 29. Bxh5 Rd6 30. Qg3 Qf6 31. Rf2 Re7 32. Raf1 Ba6 33. Qg4 b5 34. axb5 Bxb5 35. Ra1 Ra6 36. Qe2 Qg5 37. f6 gxf6 38. Rf5 Qg3 39. Raf1 Qh4 40. R1f3 Kh7 41. Kh2 Bd7 42. g3 Bxf5 43. Rxf5 Qxh5 44. Qxh5 Rb7 45. Rf2 Re7 46. Qf5+ Kg7 47. Qc8 Kh7 48. Qxa6 Re6 49. Qxa5 Rd6 50. Qxc5 1-0

[Event "VIE-chT"]
[Site "Hanoi"]
[Date "2023.04.20"]
[Round "5"]
[White "Nguyen, Hoang Vi"]
[Black "Pham, Hai An"]
[Result "1-0"]
[WhiteElo "1923"]
[BlackElo "1978"]
[PlyCount "43"]
[EventDate "2023.04.18"]
[EventType "swiss"]
[EventRounds "9"]
[EventCountry "VIE"]
[SourceTitle "EXT 2024"]
[Source "ChessBase"]
[SourceDate "2023.10.10"]
[SourceVersion "1"]
[SourceVersionDate "2023.10.10"]
[SourceQuality "1"]

1. d4 d5 2. c4 e6 3. Nc3 Nf6 4. cxd5 exd5 5. Bg5 Be7 6. e3 0-0 7. Bd3 h6 8. Bh4 Be6 9. Nge2 Nc6 10. 0-0 a6 11. f3 Nd7 12. Bf2 Nb6 13. e4 Qd7 14. Rc1 Rad8 15. Bb1 Rfe8 16. a3 Nc4 17. Qc2 Na7 18. exd5 Bf6 19. dxe6 Qxe6 20. d5 Qe7 21. Qh7+ Kf8 22. Qh8# 1-0

[Event "VIE-chT"]
[Site "Hanoi"]
[Date "2023.04.20"]
[Round "4"]
[White "Pham, Hai An"]
[Black "Ninh, Anh Phi"]
[Result "0-1"]
[WhiteElo "1978"]
[BlackElo "1942"]
[PlyCount "116"]
[EventDate "2023.04.18"]
[EventType "swiss"]
[EventRounds "9"]
[EventCountry "VIE"]
[SourceTitle "EXT 2024"]
[Source "ChessBase"]
[SourceDate "2023.10.10"]
[SourceVersion "1"]
[SourceVersionDate "2023.10.10"]
[SourceQuality "1"]

1. e4 e5 2. Bc4 Nc6 3. Nf3 Bc5 4. c3 Nf6 5. d4 exd4 6. cxd4 Bb4+ 7. Bd2 Bxd2+ 8. Nbxd2 d6 9. d5 Ne5 10. Nxe5 dxe5 11. 0-0 0-0 12. f4 Qd6 13. f5 Bd7 14. Qe2 b5 15. Bb3 a5 16. a3 Qb6+ 17. Kh1 c6 18. h3 a4 19. Ba2 Rac8 20. Nf3 Rfe8 21. Ng5 Rf8 22. Rad1 c5 23. Nf3 Qd6 24. Rfe1 Nh5 25. Qf2 Nf6 26. Nh2 b4 27. axb4 cxb4 28. Qd2 b3 29. Bb1 Rc4 30. Bd3 Rc5 31. Ra1 Rfc8 32. Qe2 Qb6 33. Qd1 Bb5 34. Bxb5 Qxb5 35. Nf3 Nd7 36. Re2 h6 37. Kh2 Rc2 38. Rxc2 bxc2 39. Qc1 Kh7 40. h4 Nf6 41. Nd2 Ng4+ 42. Kg3 Ne3 43. Nf3 Qe2 44. Ne1 Nf1+ 45. Kh3 h5 46. Nf3 Ne3 47. Ne1 Qg4+ 48. Kh2 Qxh4+ 49. Kg1 Qxe4 50. Ra3 Nd1 51. Nf3 Qb4 52. Ng5+ Kg8 53. Ra1 Qxb2 54. Nf3 Qxa1 55. Qxa1 c1Q 56. Qxe5 Qe3+ 57. Qxe3 Nxe3 58. Kf2 Nxd5 0-1

[Event "VIE-chT"]
[Site "Hanoi"]
[Date "2023.04.19"]
[Round "3"]
[White "Do, Huy Hung"]
[Black "Pham, Hai An"]
[Result "1/2-1/2"]
[WhiteElo "1962"]
[BlackElo "1978"]
[PlyCount "50"]
[EventDate "2023.04.18"]
[EventType "swiss"]
[EventRounds "9"]
[EventCountry "VIE"]
[SourceTitle "EXT 2024"]
[Source "ChessBase"]
[SourceDate "2023.10.10"]
[SourceVersion "1"]
[SourceVersionDate "2023.10.10"]
[SourceQuality "1"]

1. e4 e5 2. Nf3 Nc6 3. Bc4 Bc5 4. Nc3 Nf6 5. d3 h6 6. h3 d6 7. Be3 Bb6 8. 0-0 0-0 9. Nd5 Nxd5 10. Bxd5 Bd7 11. c4 Kh8 12. a3 f5 13. Nd2 Bxe3 14. fxe3 fxe4 15. dxe4 Rxf1+ 16. Qxf1 Qf8 17. Qxf8+ Rxf8 18. Rf1 Rxf1+ 19. Kxf1 Ne7 20. b4 Nxd5 21. exd5 c6 22. g4 cxd5 23. cxd5 h5 24. g5 Bxh3+ 25. Kf2 g6 1/2-1/2

[Event "VIE-chT"]
[Site "Hanoi"]
[Date "2023.04.18"]
[Round "2"]
[White "Pham, Hai An"]
[Black "Phan, Ba Thanh Cong"]
[Result "0-1"]
[WhiteElo "1978"]
[BlackElo "1841"]
[PlyCount "86"]
[EventDate "2023.04.18"]
[EventType "swiss"]
[EventRounds "9"]
[EventCountry "VIE"]
[SourceTitle "EXT 2024"]
[Source "ChessBase"]
[SourceDate "2023.10.10"]
[SourceVersion "1"]
[SourceVersionDate "2023.10.10"]
[SourceQuality "1"]

1. e4 c5 2. Nf3 e6 3. Nc3 Nc6 4. Be2 Nf6 5. 0-0 Be7 6. h3 Qc7 7. d3 a6 8. Nh2 b5 9. a3 Bb7 10. f4 d5 11. e5 Nd7 12. Bf3 Nd4 13. Ne2 Nxf3+ 14. Nxf3 d4 15. c3 dxc3 16. Nxc3 0-0 17. Re1 Rfd8 18. Bd2 Nf8 19. Re3 c4 20. d4 Qb6 21. Ne2 a5 22. b3 cxb3 23. Qxb3 b4 24. a4 Rac8 25. Rb1 Bd5 26. Qb2 Qc6 27. Qa1 Nd7 28. Rb2 Nb6 29. Qb1 Nxa4 30. Ra2 Bxa2 31. Qxa2 Nb6 32. Ng3 Qc2 33. Qa1 b3 34. Re1 Nc4 35. Bc3 b2 36. Bxb2 Qxb2 37. Qa4 Nd2 38. Qxa5 Nxf3+ 39. gxf3 Qxd4+ 40. Kg2 Qxf4 41. Re2 g6 42. Qb5 Rc3 43. Qb7 Bh4 0-1

[Event "VIE-chT"]
[Site "Hanoi"]
[Date "2023.04.18"]
[Round "1"]
[White "Tran, Manh Tien"]
[Black "Pham, Hai An"]
[Result "1-0"]
[WhiteElo "2203"]
[BlackElo "1978"]
[PlyCount "59"]
[EventDate "2023.04.18"]
[EventType "swiss"]
[EventRounds "9"]
[EventCountry "VIE"]
[SourceTitle "EXT 2024"]
[Source "ChessBase"]
[SourceDate "2023.10.10"]
[SourceVersion "1"]
[SourceVersionDate "2023.10.10"]
[SourceQuality "1"]

1. d4 d5 2. c4 e6 3. Nc3 Nf6 4. Nf3 Be7 5. Bf4 0-0 6. e3 h6 7. Bd3 Nc6 8. h3 a6 9. 0-0 Bd7 10. Rc1 Re8 11. a3 Na7 12. c5 Bc6 13. Bb1 Bb5 14. Re1 Nd7 15. a4 Bc6 16. b4 f5 17. g4 fxg4 18. hxg4 Rf8 19. Qd3 Nf6 20. Ne5 Be8 21. g5 hxg5 22. Bxg5 Ne4 23. Nxe4 dxe4 24. Qxe4 Rf5 25. Bf4 Bg5 26. Ba2 Qe7 27. Qxf5 Bf6 28. Bxe6+ Kf8 29. d5 Rd8 30. Qh7 1-0